000 01157nam0a22002771 4500
001 rc\121616
005 20021216135524.3
010 _a5-12-003251-6
_91000
021 _aRU
_bКН-П-19-094876
_9КН-П-19-6953
035 _a(NLR Aleph) 005378880
090 _a7079171
_c7079171
100 _a20021216d1991 u |0rusy50 ca
101 0 _arus
102 _aRU
105 _aa |||||||||
200 1 _aАнатолий Владимирович Скороход
_fАН УССР
_g[Сост. А.И. Врадий и др.
_gОтв. ред. И.Н. Коваленко
_gАвт. вступ. ст. В.С. Королюк и др., с. 3-20]
210 _aКиев
_cНаукова думка
_d1991
215 _a53, [2] с., [1] л. ил.
_d17
225 1 _aБиобиблиография ученых УССР
702 1 _aВрадий
_bА. И.
_gАнна Ивановна
_4220
712 0 2 _aАН СССР
_bНауч. совет по проблеме "Науч. основы прочности и пластичности"
_3RU\NLR\AUTH\8814895
801 0 _aRU
_bNLR
_gpsbo
801 1 _aRU
_bELAR
_2rusmarc
852 _aNLR
_bС
_jК-1/5485
942 _cBOOK
980 _aNB